000 00517nam a2200217Ia 4500
003 OSt
005 20220928141829.0
006 a|||||r|||| 00| 0
007 ta
008 220927b |||||||| |||| 00| 0 eng d
024 _a17952
037 _cTextual
040 _aSDCL
_cSDCL
_beng
041 _2eng
_aeng
082 _aW, M4
100 _aGupta Aasha
_9502399
245 0 _aTulnatmak shashan aur rajneetik
260 _c1984
942 _hW, M4
_cTEXL
_2CC
999 _c820227
_d820227